Analysis of key factors affecting kaizen and development of framework for its effective implementation in Automobile sector of Pakistan / (Record no. 527371)
[ view plain ]
| 000 -LEADER | |
|---|---|
| fixed length control field | 00657nam a22001937a 4500 |
| 003 - CONTROL NUMBER IDENTIFIER | |
| control field | NUST |
| 005 - DATE AND TIME OF LATEST TRANSACTION | |
| control field | 20190725112535.0 |
| 008 - FIXED-LENGTH DATA ELEMENTS--GENERAL INFORMATION | |
| fixed length control field | 190725b ||||| |||| 00| 0 eng d |
| 038 ## - RECORD CONTENT LICENSOR | |
| Staff Name | Mr. Noman |
| 082 ## - DEWEY DECIMAL CLASSIFICATION NUMBER | |
| Classification number | 620.005 |
| 100 ## - MAIN ENTRY--PERSONAL NAME | |
| Personal name | Saleem, Muhammad |
| 9 (RLIN) | 8369 |
| 245 ## - TITLE STATEMENT | |
| Title | Analysis of key factors affecting kaizen and development of framework for its effective implementation in Automobile sector of Pakistan / |
| Statement of responsibility, etc. | Muhammad Saleem. |
| 260 ## - PUBLICATION, DISTRIBUTION, ETC. | |
| Place of publication, distribution, etc. | Islamabad: |
| Name of publisher, distributor, etc. | CEME - NUST, |
| Date of publication, distribution, etc. | 2015. |
| 300 ## - PHYSICAL DESCRIPTION | |
| Extent | xxxiv, 397 p.: ill.; |
| Dimensions | 35cm. |
| 500 ## - GENERAL NOTE | |
| General note | Hardcover. |
| 650 ## - SUBJECT ADDED ENTRY--TOPICAL TERM | |
| Topical term or geographic name entry element | Engineering Managment PhD Thesis. |
| 9 (RLIN) | 18464 |
| 700 ## - ADDED ENTRY--PERSONAL NAME | |
| Personal name | Dr. Nawar Khan. |
| 9 (RLIN) | 18465 |
| 942 ## - ADDED ENTRY ELEMENTS (KOHA) | |
| Source of classification or shelving scheme | |
| Koha item type | Thesis |
| Withdrawn status | Lost status | Source of classification or shelving scheme | Damaged status | Not for loan | Permanent Location | Current Location | Shelving location | Date acquired | Total Checkouts | Full call number | Barcode | Date last seen | Price effective from | Koha item type |
|---|---|---|---|---|---|---|---|---|---|---|---|---|---|---|
| Central Library (CL) | Central Library (CL) | Thesis | 07/25/2019 | 620.005 | CL-T-843 | 07/26/2019 | 07/25/2019 | Thesis |
